| 000 | 01547nam a2200313 a 4500 | ||
|---|---|---|---|
| 999 |
_c333291 _d333291 |
||
| 003 | BLK | ||
| 005 | 20240913124914.0 | ||
| 008 | 190729b bu |||||r|||| 00| 0 bu d | ||
| 020 | _a9789548933780 | ||
| 040 | _aBLK | ||
| 041 |
_aBUL _cBUL |
||
| 080 |
_aИнформатика в основното училище _b372.868.13 _x(076)(075.2) _z372.868.13(076)(075.2) |
||
| 100 |
_aИванов, Ивайло Огнянов _9371594 |
||
| 139 |
_aИванов, Ивайло Огнянов _bИ 21 |
||
| 245 |
_aИнформационни технологии VІ клас _cИвайло Иванов, Людмила Попова, Пламен Петров |
||
| 250 | _a2 издание | ||
| 260 |
_9210151 _aСофия _bНова звезда _c2013 _fДайрект Сървисиз |
||
| 300 |
_a64 с. _b с цв. ил., табл. _c 29 см |
||
| 380 | _aDN | ||
| 500 | _aЗагл. в изд. каре: Информационни технологии за 6 клас. - 1. изд. 2007 | ||
| 650 | 7 |
_9157506 _aИнформационни технологии - учебници за основни училища |
|
| 653 | 7 |
_9199109 _aучебници за основни училища |
|
| 653 | 7 |
_9187779 _aинформатика |
|
| 653 | 7 |
_9180184 _aVІ кл. |
|
| 700 |
_aПопова, Людмила Тодорова _eсъавт. _91445 |
||
| 700 |
_9312791 _aПетров, Пламен Димитров _eсъавт. |
||
| 942 |
_cKNG _n0 _s1 |
||
| 944 |
_aCR _c2019-07-29 _k30550 _lКети Илиева |
||